Catálogo
 En Linea

Testimonios del canto y las palabras / (Registro nro. 27391)

Detalles MARC
000 -CABECERA
campo de control de longitud fija 01071nam a2200241 a 4500
001 - NÚMERO DE CONTROL
campo de control 000027899
005 - FECHA Y HORA DE LA ÚLTIMA TRANSACCIÓN
campo de control 20200930031202.0
008 - DATOS DE LONGITUD FIJA--INFORMACIÓN GENERAL
campo de control de longitud fija 110405s1981 dr r 001 e spa d
040 ## - FUENTE DE LA CATALOGACIÓN
Centro catalogador/agencia de origen DO-SdBNP
Lengua de catalogación spa
Centro/agencia transcriptor BNPHU
082 ## - NÚMERO DE LA CLASIFICACIÓN DECIMAL DEWEY
Número de clasificación 781.17
Número de documento/Ítem B716t
100 1# - ENTRADA PRINCIPAL--NOMBRE DE PERSONA
Nombre de persona Bonnelly Díaz, Aída,
Fechas asociadas al nombre 1926-
9 (RLIN) 54967
245 10 - MENCIÓN DE TÍTULO
Título Testimonios del canto y las palabras /
Mención de responsabilidad, etc. Aída Bonnelly de Díaz.
260 ## - PUBLICACIÓN, DISTRIBUCIÓN, ETC.
Lugar de publicación, distribución, etc. Santo Domingo :
Nombre del editor, distribuidor, etc. Alfa y Omega,
Fecha de publicación, distribución, etc. 1981.
300 ## - DESCRIPCIÓN FÍSICA
Extensión 338 p. ;
Dimensiones 23 cm.
505 0# - NOTA DE CONTENIDO CON FORMATO
Información miscelánea Presentación --
Título Artículos de aporte al ambiente musical dominicano --
-- Artistas que he conocido --
-- Artículos sobre críticas --
-- Artículos pedagógicos --
-- Temas variados.
590 ## - NOTA LOCAL (RLIN)
Nota local Inventariado, 2018/LP
650 #4 - PUNTO DE ACCESO ADICIONAL DE MATERIA--TÉRMINO DE MATERIA
Término de materia o nombre geográfico como elemento de entrada Apreciación musical
Subdivisión general Ensayos, conferencias, etc.
9 (RLIN) 54968
650 #4 - PUNTO DE ACCESO ADICIONAL DE MATERIA--TÉRMINO DE MATERIA
Término de materia o nombre geográfico como elemento de entrada Musicos
Subdivisión general Ensayos, conferencias, etc.
9 (RLIN) 54969
650 #4 - PUNTO DE ACCESO ADICIONAL DE MATERIA--TÉRMINO DE MATERIA
Término de materia o nombre geográfico como elemento de entrada Música dominicana
Subdivisión general Ensayos, conferencias, etc.
Subdivisión cronológica SIGLO XX
9 (RLIN) 54970
650 #4 - PUNTO DE ACCESO ADICIONAL DE MATERIA--TÉRMINO DE MATERIA
Término de materia o nombre geográfico como elemento de entrada Diarios dominicanos
Subdivisión general Secciones, columnas, etc.
9 (RLIN) 44
730 0# - PUNTO DE ACCESO ADICIONAL--TÍTULO UNIFORME
Título uniforme Listín Diario (República Dominicana)
9 (RLIN) 1199
910 ## - DATOS DE OPCIÓN DEL USUARIO (OCLC)
Datos de opción del usuario Validado. Control de calidad. EMS
Existencias
Estado de retiro Estado de pérdida Restricciones de uso No para préstamo Código de colección Localización permanente Ubicación/localización actual Ubicación en estantería Fecha de adquisición Número de inventario Total de préstamos Signatura topográfica completa Código de barras Fecha visto por última vez Número de copia Precio válido a partir de Tipo de ítem Koha Nota pública
        Dominicana de Servicio General General Depósito 01.09.2011 LF1   781.17 B716t 27899-30 25.06.2020 e. 3 25.06.2020 Libro y Folleto Colección Dominicana de Servicio  
        Dominicana de Servicio General General Depósito 29.07.2013 LF1   781.17 B716t 27899-40 25.06.2020 e. 4 25.06.2020 Libro y Folleto Colección Dominicana de Servicio  
        Raros y valiosos General General Depósito 09.05.2018 LF1   781.17 B716t 27899-50 25.06.2020 e. 5 25.06.2020 Préstamo en sala  
      Excluido de préstamo Raros y valiosos Patrimonio Dominicano Patrimonio Dominicano Depósito 05.04.2011 LF1   781.17 B716t 27899-10 25.06.2020   25.06.2020 No se presta Perteneció a la biblioteca personal de Aída Cartagena Portalatín. Dedicado por la autora
      Excluido de préstamo Raros y valiosos Patrimonio Dominicano Patrimonio Dominicano Depósito 05.04.2011 LF1   781.17 B716t 27899-20 25.06.2020 e. 2 25.06.2020 No se presta  

Con tecnología Koha